Becoming a researcher / (Record no. 343452)
[ view plain ]
| 000 -LEADER | |
|---|---|
| fixed length control field | 02131 a2200253 4500 |
| 003 - CONTROL NUMBER IDENTIFIER | |
| control field | NUST |
| 020 ## - INTERNATIONAL STANDARD BOOK NUMBER | |
| International Standard Book Number | 0335213952 |
| 020 ## - INTERNATIONAL STANDARD BOOK NUMBER | |
| International Standard Book Number | 9780335213955 |
| 038 ## - RECORD CONTENT LICENSOR | |
| Staff Name | A |
| 082 04 - DEWEY DECIMAL CLASSIFICATION NUMBER | |
| Classification number | 300.72 |
| 100 1# - MAIN ENTRY--PERSONAL NAME | |
| Personal name | Dunne, Mairead. |
| 9 (RLIN) | 82075 |
| 245 10 - TITLE STATEMENT | |
| Title | Becoming a researcher / |
| Statement of responsibility, etc. | Mairead Dunne. |
| 250 ## - EDITION STATEMENT | |
| Edition statement | 1st ed. |
| 260 ## - PUBLICATION, DISTRIBUTION, ETC. | |
| Place of publication, distribution, etc. | [S.l.] : |
| Name of publisher, distributor, etc. | Open University Press, |
| Date of publication, distribution, etc. | 2005. |
| 300 ## - PHYSICAL DESCRIPTION | |
| Extent | 208 p. ; |
| Dimensions | 23 cm. |
| 500 ## - GENERAL NOTE | |
| General note | Hardcover. |
| 520 ## - SUMMARY, ETC. | |
| Summary, etc. | This innovative book combines what most books separate: research as practical activity and research as intellectual engagement. It clarifies and makes explicit the methodological issues that underlie the journey from initial research idea to the finished report and beyond. The text moves the researcher logically through the research process and provides insights into methodology through an in-depth discussion of methods. It presents the research process as an engagement with text. This theme moves through the construction of text in the form of data and the deconstruction of text in analysis. Finally the focus moves to the reconstruction of text through the re-presentation of the research in the report. Following through each of these stages in turn, the chapters consider either a practical issue or a group of methods and interrogate the associated methodological concerns. In addition, the book also addresses the rarely explored issues of the researcher as writer and researcher identity as core elements of the research process. The book provides a range of insights and original perspectives. These successfully combine practical guidance with the invitation to consider the problematic nature of research as social practice. It is an ideal reference for those embarking on research for the first time and provides a new methodological agenda for established researchers. |
| 563 ## - BINDING INFORMATION | |
| Binding note | H.B |
| 700 1# - ADDED ENTRY--PERSONAL NAME | |
| Personal name | Pryor, John. |
| 9 (RLIN) | 82076 |
| 700 1# - ADDED ENTRY--PERSONAL NAME | |
| Personal name | Yates, Paul. |
| 9 (RLIN) | 82077 |
| 856 40 - ELECTRONIC LOCATION AND ACCESS | |
| Materials specified | Amazon.com |
| Uniform Resource Identifier | <a href="http://www.amazon.com/exec/obidos/ASIN/0335213952/chopaconline-20">http://www.amazon.com/exec/obidos/ASIN/0335213952/chopaconline-20</a> |
| 856 40 - ELECTRONIC LOCATION AND ACCESS | |
| Materials specified | Amazon customer reviews |
| Uniform Resource Identifier | <a href="http://www.chopac.org/cgi-bin/tools/azrev.pl?q=0335213952">http://www.chopac.org/cgi-bin/tools/azrev.pl?q=0335213952</a> |
| 942 ## - ADDED ENTRY ELEMENTS (KOHA) | |
| Institution code [OBSOLETE] | NBS |
| Koha item type | Book |
| Call number prefix | 7257 |
| Source of classification or shelving scheme | |
| Withdrawn status | Lost status | Source of classification or shelving scheme | Damaged status | Not for loan | Permanent Location | Current Location | Date acquired | Total Checkouts | Full call number | Barcode | Date last seen | Date last checked out | Price effective from | Koha item type |
|---|---|---|---|---|---|---|---|---|---|---|---|---|---|---|
| Central Library (CL) | Central Library (CL) | 08/28/2013 | 3 | 300.72 DUN | NBS7257 | 09/01/2021 | 10/11/2018 | 08/28/2013 | Book |
